| 000 | 00355nam a2200133Ia 4500 | ||
|---|---|---|---|
| 008 | 210210b1987 xxu||||| |||| 00| 0 eng d | ||
| 082 | _a954.87 REBH | ||
| 100 | _aREBELLOW (I). | ||
| 245 | _aHistory of karnataka. II PUC 1987 syllabus. | ||
| 260 |
_aBangalore. _bPrakasha Sahitya., _c1987 |
||
| 300 | _a274 | ||
| 690 | _aKarnataka History | ||
| 906 | _a040228 | ||
| 999 |
_c90510 _d90510 |
||